| 000 | 01042nam a22002657a 4500 | ||
|---|---|---|---|
| 005 | 20170629150009.0 | ||
| 008 | 080929t xxu||||| |||| 00| 0 eng d | ||
| 010 | _aB-310748-763 ENG-119057 | ||
| 020 |
_a8186098747 _c200.00 |
||
| 020 |
_a9788186098745 _c200.00 |
||
| 035 | _aB-310748-763 | ||
| 035 | _aEN-102589 | ||
| 037 | _bNarayan Prakashan | ||
| 037 | _bDBAD/PUB | ||
| 040 |
_aDPL _bEnglish |
||
| 082 | _a370.1532 | ||
| 100 | _aSaxena, Shalini | ||
| 245 |
_aPersonality traits : _bof primary school children in relation to their mothers' marital adjustment & child rearing practices / _cby Shalini Saxena |
||
| 260 |
_aJaipur _bNarayan Prakashan _c2008 |
||
| 270 |
_aG-15, S. S. Tower, Dharmani Street, Chaura Rasta _bJaipur _k0141-2325965 |
||
| 300 |
_axiv,140p. _c22cm. (Hb) |
||
| 500 | _aincludes bibliographical references and appendix | ||
| 942 |
_2ddc _cEN _h370.1532 _mSAX |
||
| 999 |
_c15910 _d15910 |
||